| 000 -LEADER |
| fixed length control field |
01670 a2200229 4500 |
| 003 - CONTROL NUMBER IDENTIFIER |
| control field |
Nust |
| 005 - DATE AND TIME OF LATEST TRANSACTION |
| control field |
20240119085832.0 |
| 010 ## - LIBRARY OF CONGRESS CONTROL NUMBER |
| LC control number |
2004057106 |
| 020 ## - INTERNATIONAL STANDARD BOOK NUMBER |
| International Standard Book Number |
0849318890 (alk. paper) |
| 040 ## - CATALOGING SOURCE |
| Transcribing agency |
Nust |
| 082 00 - DEWEY DECIMAL CLASSIFICATION NUMBER |
| Classification number |
621.381,ELE |
| 245 04 - TITLE STATEMENT |
| Title |
The electronics handbook / |
| Statement of responsibility, etc. |
editor-in-chief, Jerry C. Whitaker. |
| 250 ## - EDITION STATEMENT |
| Edition statement |
2nd ed. |
| 260 ## - PUBLICATION, DISTRIBUTION, ETC. |
| Place of publication, distribution, etc. |
Boca Raton, FL : |
| Name of publisher, distributor, etc. |
CRC Press, |
| Date of publication, distribution, etc. |
2005. |
| 300 ## - PHYSICAL DESCRIPTION |
| Extent |
xxvi, 2608 p. : |
| Other physical details |
ill. ; |
| Dimensions |
26 cm. |
| 440 #4 - SERIES STATEMENT/ADDED ENTRY--TITLE |
| Title |
The Electrical engineering handbook series |
| 9 (RLIN) |
34472 |
| 505 ## - FORMATTED CONTENTS NOTE |
| Formatted contents note |
Fundamental Electrical Theory (Page-1), Properties of Materials and Components (Page-111), Properties of Passive Components (Page-239), Passive Electrical Circuit (Page-309), Electron Vacuum Devices (Page-353), Microwave Vacuum Devices (Page-475), Semiconductor Devices and Circuits (Page-529), Microelectronics (Page-707), Optoelectronics (Page-875), Power Supplies and Regulation (Page-1013), Packaging Electronic Systems (Page-1259), Communication Principles (Page-1353), Electromagnetic Radiation (Page-1483), Information Recording and Storage(page-1577), Wired Communications Systems (Page-1635), Wireless Communications Systems (Page-1667), Radar and Radio navigation (Page-1801), Control and Instrumentation Technology (Page-1915), Computer Systems (Page-2005), Signal Measurement, Analysis, and Testing (Page-2163), Reliability Engineering (Page-2257), Safety (Page-2317), Engineering Management, Standardization, and Regulation (Page-2343). |
| Title |
|
| 650 #0 - SUBJECT ADDED ENTRY--TOPICAL TERM |
| Topical term or geographic name entry element |
Telecommunication Engineering. |
| 700 1# - ADDED ENTRY--PERSONAL NAME |
| Personal name |
Whitaker, Jerry C. |
| 856 42 - ELECTRONIC LOCATION AND ACCESS |
| Materials specified |
Publisher description |
| Uniform Resource Identifier |
<a href="http://www.loc.gov/catdir/enhancements/fy0646/2004057106-d.html">http://www.loc.gov/catdir/enhancements/fy0646/2004057106-d.html</a> |
| 942 ## - ADDED ENTRY ELEMENTS (KOHA) |
| Koha item type |
Reference |
| Source of classification or shelving scheme |
|